Farmaceutický laborant odborno-informačný časopis

Bibliographic Details
Other Authors: Kmeťová, Anna (Publishing director)
Format: Journal
Language:Slovak
PhysicalDescription:3 zv. 29-30 cm
Published: Bojnice Unipharma Prievidza 2009-2011
ISSN:1337-916X
Subjects:

MARC

LEADER 00000cas a2200000 a 4500
001 vtls009460894
003 SK-MaSNL
005 20260228164214.0
008 130620d20092011xo qr|p 0 b0slo c
022 |a 1337-916X 
035 |a (SVKBB)vtls000302022 
040 |a SVKBB  |b slo  |c SVKBB  |d SVKPO  |d SNK  |e AACR2 
041 0 |a slo 
044 |a xo  |c SK 
072 7 |a 615  |x Farmácia. Farmakológia  |2 konspekt 
080 |a 615.1  |2 2001 
080 |a 050  |2 2001 
210 0 |a Farm. labor. 
222 0 |a Farmaceutický laborant 
245 0 0 |a Farmaceutický laborant  |b odborno-informačný časopis 
260 |a Bojnice  |b Unipharma Prievidza  |c 2009-2011 
300 |a 3 zv.  |c 29-30 cm 
310 |a 4x ročne 
362 0 |a Roč. I (jan. 2009)-roč. III (máj 2011) 
500 |a Šéfredaktorka: 2009-2011, Anna Kmeťová 
500 |a Evidenčné číslo: EV 2838/08 
500 |a V r. 2011 podnázov v tir: odborno-informačný časopis pre farmaceutických laborantov 
500 |a Tlač. Patria 1, Prievidza 
515 |a Jednotlivé čísla sú označené mesiacmi kalendárneho roku 
650 0 7 |a farmácia  |2 SNKPH  |9 2467 
650 0 7 |a farmaceuti  |2 SNKPH  |9 19512 
650 0 7 |a Pharmacy  |2 SNKPHeng  |9 265418 
650 0 7 |a Pharmacists  |2 SNKPHeng  |9 266828 
655 7 |a odborné časopisy  |2 SNKPH  |9 70505 
655 7 |a Professional journals  |2 SNKPHeng  |9 265007 
700 1 |a Kmeťová, Anna  |4 pbd  |9 265828 
852 |a Štátna vedecká knižnica v Banskej Bystrici 
910 |a snk 
916 |a 2009-2011 
999 |c 12705  |d 14635 
952 |0 0  |1 0  |4 0  |7 0  |8 0  |a SNK  |b SNK  |d 2013-06-19  |f 1  |i snk2013/14258  |l 0  |o snkČSB 5783/1/2009  |p 17A0866873  |r 2026-02-21 20:41:10  |t č. 1-4  |w 2026-02-21  |y PREZ 
952 |0 0  |1 0  |4 0  |7 0  |8 0  |a SNK  |b SNK  |d 2013-06-19  |i snk2013/14260  |l 0  |o snkČSB 5783/1/2009 D1  |p 17A0866874  |r 2026-02-21 20:41:11  |t č. 1-4  |w 2026-02-21  |y PREZ 
952 |0 0  |1 0  |4 0  |7 0  |8 0  |a SNK  |b SNK  |d 2013-06-19  |f 1  |i snk2013/14263  |l 0  |o snkČSB 5783/2/2010  |p 17A0866875  |r 2026-02-21 20:41:11  |t č. 1-4  |w 2026-02-21  |y PREZ 
952 |0 0  |1 0  |4 0  |7 0  |8 0  |a SNK  |b SNK  |d 2013-06-19  |i snk2013/14264  |l 0  |o snkČSB 5783/2/2010 D1  |p 17A0866876  |r 2026-02-21 20:41:11  |t č. 1-4  |w 2026-02-21  |y PREZ 
952 |0 0  |1 0  |4 0  |7 0  |8 0  |a SNK  |b SNK  |d 2013-06-19  |f 1  |i snk2013/14271  |l 0  |o snkČSB 5783/3/2011  |p 17A0866877  |r 2026-02-21 20:41:11  |t č. 1-2  |w 2026-02-21  |y PREZ 
952 |0 0  |1 0  |4 0  |7 0  |8 0  |a SNK  |b SNK  |d 2013-06-19  |i snk2013/14272  |l 0  |o snkČSB 5783/3/2011 D1  |p 17A0866878  |r 2026-02-21 20:41:11  |t č. 1-2  |w 2026-02-21  |y PREZ